The sermon on the mount. (Record no. 7408)

000 -LEADER
fixed length control field 00636nam a2200205 a 4500
001 - CONTROL NUMBER
control field :::00005169$&:&@@
003 - CONTROL NUMBER IDENTIFIER
control field OkBaRHE
005 - DATE AND TIME OF LATEST TRANSACTION
control field 20100401144941.0
008 - FIXED-LENGTH DATA ELEMENTS--GENERAL INFORMATION
fixed length control field s1930 j 000 0 eng u
040 ## - CATALOGING SOURCE
Transcribing agency
100 1# - MAIN ENTRY--PERSONAL NAME
Personal name Chappell, Clovis Gillham, 1882-1972.
245 14 - TITLE STATEMENT
Title The sermon on the mount.
260 ## - PUBLICATION, DISTRIBUTION, ETC. (IMPRINT)
Place of publication, distribution, etc Nashville, TN., :
Name of publisher, distributor, etc Cokesbury Press
Date of publication, distribution, etc c1930
300 ## - PHYSICAL DESCRIPTION
Extent 227 p. ;
Dimensions 19 cm.
650 ## - SUBJECT ADDED ENTRY--TOPICAL TERM
Topical term or geographic name as entry element Methodist Church
General subdivision Sermons
650 ## - SUBJECT ADDED ENTRY--TOPICAL TERM
Topical term or geographic name as entry element Sermon on the Mount
650 ## - SUBJECT ADDED ENTRY--TOPICAL TERM
Topical term or geographic name as entry element Sermons, American
942 ## - ADDED ENTRY ELEMENTS (KOHA)
Source of classification or shelving scheme
Koha item type Books
Copies
Lost status Date acquired Withdrawn status Permanent Location Damaged status Full call number Not for loan Shelving location Barcode Source of classification or shelving scheme Date last seen Koha item type Price effective from Copy number
 2010-04-14 RHEMA Bible Training College BT 380 .C55 1930 General Stacks5169 2010-04-14Books2010-04-141